Mhojea hatanchi ani vonttanchi kanni. (Record no. 98437)
[ view plain ]
| 000 -LEADER | |
|---|---|
| fixed length control field | 00554nam a2200193Ia 4500 |
| 003 - CONTROL NUMBER IDENTIFIER | |
| control field | OSt |
| 005 - DATE AND TIME OF LATEST TRANSACTION | |
| control field | 20231006102235.0 |
| 008 - FIXED-LENGTH DATA ELEMENTS--GENERAL INFORMATION | |
| fixed length control field | 210210b1989 xxu||||| |||| 00| 0 eng d |
| 040 ## - CATALOGING SOURCE | |
| Transcribing agency | AL |
| 041 ## - LANGUAGE CODE | |
| Language code of text/sound track or separate title | Konkani |
| 082 ## - DEWEY DECIMAL CLASSIFICATION NUMBER | |
| Classification number | 891.469 PERM |
| 100 ## - MAIN ENTRY--PERSONAL NAME | |
| Personal name | PEREIRA (A). |
| 9 (RLIN) | 136366 |
| 245 ## - TITLE STATEMENT | |
| Title | Mhojea hatanchi ani vonttanchi kanni. |
| Remainder of title | ಮ್ಹಜಿ ಹಾತಾಂಚಿ ಆನಿ ವೊಂಟಾಚಿ ಕಾಣಿ |
| 260 ## - PUBLICATION, DISTRIBUTION, ETC. | |
| Place of publication, distribution, etc. | Goa. |
| Name of publisher, distributor, etc. | Gulab Prakaxann., |
| Date of publication, distribution, etc. | 1989 |
| 300 ## - PHYSICAL DESCRIPTION | |
| Extent | 167 |
| 690 ## - LOCAL SUBJECT ADDED ENTRY--TOPICAL TERM (OCLC, RLIN) | |
| Topical term or geographic name as entry element | Konkani Criticism |
| 9 (RLIN) | 136367 |
| 906 ## - LOCAL DATA ELEMENT F, LDF (RLIN) | |
| a | 050066 |
| 942 ## - ADDED ENTRY ELEMENTS (KOHA) | |
| Source of classification or shelving scheme | Dewey Decimal Classification |
| Koha item type | Book |
| Withdrawn status | Lost status | Damaged status | Not for loan | Collection code | Home library | Current library | Shelving location | Date acquired | Cost, normal purchase price | Total Checkouts | Full call number | Barcode | Date last seen | Price effective from | Koha item type |
|---|---|---|---|---|---|---|---|---|---|---|---|---|---|---|---|
| St Aloysius Library | St Aloysius Library | 02/17/2021 | 15.00 | 891.469 PERM | 050066 | 02/17/2021 | 02/17/2021 | Book | |||||||
| St Aloysius Library | St Aloysius Library | 02/17/2021 | 15.00 | 891.469 PERM | 050361 | 02/17/2021 | 02/17/2021 | Book | |||||||
| St Aloysius Library | St Aloysius Library | 02/17/2021 | 15.00 | 891.469 PERM | 050360 | 02/17/2021 | 02/17/2021 | Book |